[Event "Catalunya-chT Gp1 Title"]
[Site "Barcelona"]
[Date "2025.03.15"]
[Round "4.6"]
[White "Adan Bermudez, Sergio"]
[Black "Travesset Ribera, Joaquin"]
[Result "1-0"]
[WhiteElo "2300"]
[BlackElo "2104"]
[PlyCount "61"]
[EventDate "2025.02.22"]
[EventType "team-k.o."]
[EventRounds "4"]
[EventCountry "ESP"]
[SourceTitle "CB18_2025"]
[SourceDate "2025.04.30"]
[SourceVersion "1"]
[SourceVersionDate "2025.04.30"]
[SourceQuality "1"]
[WhiteTeam "Barbera"]
[BlackTeam "Mollet"]
[WhiteTeamCountry "ESP"]
[BlackTeamCountry "ESP"]

1. c4 f5 2. d4 e6 3. g3 Nf6 4. Bg2 d5 5. Nh3 c6 6. Qc2 Bd6 7. Bf4 0-0 8. 0-0 Qe7 9. Bxd6 Qxd6 10. Nf4 Nbd7 11. cxd5 Nxd5 12. e3 g5 13. Nd3 f4 14. exf4 gxf4 15. Nd2 e5 16. dxe5 Nxe5 17. Nxe5 Qxe5 18. Rae1 Qh5 19. Nf3 Bf5 20. Qb3 Rae8 21. Qxb7 fxg3 22. fxg3 Rxe1 23. Rxe1 Qh6 24. h4 Qd6 25. Kh2 Bc8 26. Qxa7 Nf6 27. Ne5 Be6 28. Qe3 Bd5 29. Qg5+ Kh8 30. Bxd5 Nxd5 31. Ng4 1-0

[Event "Catalunya-chT Gp1"]
[Site "Barcelona"]
[Date "2025.01.18"]
[Round "1.8"]
[White "Travesset Ribera, Joaquin"]
[Black "Gomez Figueroa, Manuel"]
[Result "1-0"]
[WhiteElo "2114"]
[BlackElo "2076"]
[PlyCount "111"]
[EventDate "2025.01.18"]
[EventType "team-tourn"]
[EventRounds "5"]
[EventCountry "ESP"]
[SourceTitle "CB07_2025"]
[SourceDate "2025.02.12"]
[SourceVersion "1"]
[SourceVersionDate "2025.02.12"]
[SourceQuality "1"]
[WhiteTeam "Mollet"]
[BlackTeam "Platja D'Aro"]
[WhiteTeamCountry "ESP"]
[BlackTeamCountry "ESP"]

1. d4 Nf6 2. Bf4 d5 3. e3 e6 4. Nd2 c5 5. c3 Bd6 6. Bg3 0-0 7. Ngf3 Qc7 8. Bd3 Nbd7 9. 0-0 Bxg3 10. hxg3 e5 11. dxe5 Nxe5 12. Nxe5 Qxe5 13. Nf3 Qh5 14. Nh2 Bg4 15. Qa4 c4 16. Bc2 Bd7 17. Qa3 Qe5 18. Rad1 Qc7 19. Rd4 Bc6 20. g4 Rfe8 21. Rfd1 b5 22. Bf5 Ne4 23. Bxe4 dxe4 24. Qd6 Qxd6 25. Rxd6 Rac8 26. Nf1 Kf8 27. Ng3 g6 28. Ne2 Ke7 29. R6d4 Rcd8 30. Kh2 Rxd4 31. Nxd4 Bd7 32. Kg3 Kf6 33. Rh1 Kg7 34. Rd1 Kf6 35. Nc2 Be6 36. Rd6 Ke5 37. Ra6 Re7 38. Nd4 Rd7 39. g5 Rb7 40. f4+ exf3 41. gxf3 b4 42. cxb4 Kd5 43. a3 Bd7 44. Ne2 c3 45. Nxc3+ Kc4 46. Ne4 Rc7 47. Rd6 Be6 48. Nc5 Bc8 49. Rd4+ Kb5 50. Kf4 a5 51. Ne4 axb4 52. Rxb4+ Ka5 53. Nc3 Bd7 54. e4 Rc5 55. Rb7 Bc6 56. Rxf7 1-0

[Event "Catalunya-chT Gp2 Final"]
[Site "Barcelona"]
[Date "2024.03.09"]
[Round "1.8"]
[White "Boix Redorta, Roc"]
[Black "Travesset Ribera, Joaquin"]
[Result "1-0"]
[WhiteElo "1957"]
[BlackElo "2136"]
[PlyCount "111"]
[EventDate "2024.03.09"]
[EventType "team-k.o."]
[EventRounds "4"]
[EventCountry "ESP"]
[SourceTitle "CBM 220 Extra"]
[Source "ChessBase"]
[SourceDate "2024.07.31"]
[SourceVersion "1"]
[SourceVersionDate "2024.07.31"]
[SourceQuality "1"]
[WhiteTeam "Llinars"]
[BlackTeam "Mollet"]
[WhiteTeamCountry "ESP"]
[BlackTeamCountry "ESP"]

1. e4 d5 2. exd5 Nf6 3. d4 Nxd5 4. Nf3 g6 5. c4 Nb6 6. Nc3 Bg7 7. Be3 0-0 8. Qd2 Nc6 9. 0-0-0 Bg4 10. Bh6 e6 11. h4 Bxf3 12. gxf3 Qf6 13. h5 Bxh6 14. Qxh6 Qg7 15. Qe3 Rad8 16. hxg6 hxg6 17. Rh4 Qf6 18. Qh6 Qg7 19. Qg5 Rxd4 20. Bd3 Rxh4 21. Qxh4 Ne5 22. Be2 g5 23. Qh3 g4 24. fxg4 Nexc4 25. Rh1 Rd8 26. Qh4 Rd7 27. g5 Rd4 28. Qh5 Rf4 29. Bd3 Nxb2 30. Qh7+ Qxh7 31. Bxh7+ Kg7 32. Kxb2 Rxf2+ 33. Bc2 Nc4+ 34. Kc1 Rg2 35. Ne4 Ne3 36. Bb1 b6 37. a4 a6 38. Bd3 Rg4 39. Kd2 Nd5 40. Rh7+ Kxh7 41. Nf6+ Kg7 42. Nxg4 b5 43. a5 c5 44. Nf6 Nb4 45. Be4 c4 46. Kc3 Na2+ 47. Kb2 Nb4 48. Ka3 Nd3 49. Bxd3 cxd3 50. Kb2 Kg6 51. Ne4 Kf5 52. Nc5 e5 53. Nxa6 e4 54. Nc5 d2 55. Kc2 e3 56. a6 1-0

[Event "Catalunya-chT Gp2 Final"]
[Site "Barcelona"]
[Date "2023.03.18"]
[Round "2.7"]
[White "Travesset Ribera, Joaquin"]
[Black "Garcia Paolicchi, Raul"]
[Result "1/2-1/2"]
[WhiteElo "2118"]
[BlackElo "2085"]
[PlyCount "27"]
[EventDate "2023.03.11"]
[EventType "team-k.o."]
[EventRounds "4"]
[EventCountry "ESP"]
[SourceTitle "EXT 2024"]
[Source "ChessBase"]
[SourceDate "2023.10.10"]
[SourceVersion "1"]
[SourceVersionDate "2023.10.10"]
[SourceQuality "1"]
[WhiteTeam "Mollet"]
[BlackTeam "Andorra"]
[WhiteTeamCountry "ESP"]
[BlackTeamCountry "AND"]

1. d4 d5 2. Nf3 Nf6 3. c3 c6 4. Bf4 Bf5 5. e3 Nbd7 6. Nbd2 e6 7. Qb3 Qb6 8. Nh4 Be4 9. f3 Bg6 10. Nxg6 hxg6 11. g4 Be7 12. Qxb6 Nxb6 13. Bd3 0-0-0 14. Bg3 1/2-1/2

[Event "Catalunya-chT Gp1"]
[Site "Barcelona"]
[Date "2022.02.26"]
[Round "6.7"]
[White "Travesset Ribera, Joaquin"]
[Black "Castrillon Otero, Javier"]
[Result "1-0"]
[WhiteElo "2138"]
[BlackElo "2041"]
[PlyCount "127"]
[EventDate "2022.01.22"]
[EventType "team-tourn"]
[EventRounds "9"]
[EventCountry "ESP"]
[SourceTitle "CBM 208 Extra"]
[Source "ChessBase"]
[SourceDate "2022.07.31"]
[SourceVersion "1"]
[SourceVersionDate "2022.07.31"]
[SourceQuality "1"]
[WhiteTeam "Mollet"]
[BlackTeam "Gerunda"]
[WhiteTeamCountry "ESP"]
[BlackTeamCountry "ESP"]

1. d4 d5 2. Bf4 Bf5 3. c4 e6 4. Nc3 Nf6 5. e3 Bd6 6. Bxd6 Qxd6 7. Qb3 0-0 8. Qxb7 Nbd7 9. c5 Qe7 10. Qxc7 e5 11. dxe5 Ng4 12. Nf3 Be6 13. Be2 Rfc8 14. Qd6 Qxd6 15. cxd6 Ngxe5 16. Nd4 Nc4 17. Bxc4 Rxc4 18. 0-0-0 Rb8 19. Rd2 Nc5 20. f3 Rd8 21. Nc6 Nb3+ 22. axb3 Rxc6 23. Rhd1 Rcxd6 24. g4 Kf8 25. Nb5 Rb6 26. Nd4 g6 27. Rc2 Rdb8 28. Kd2 R8b7 29. Rdc1 Ke8 30. Rc7 Kd8 31. R7c5 Ke7 32. Ra1 a6 33. Rca5 Ra7 34. b4 Kd6 35. b5 Bc8 36. b3 Ra8 37. h3 Bb7 38. b4 Kd7 39. bxa6 Raxa6 40. Rxa6 Bxa6 41. b5 Bb7 42. g5 Kd6 43. f4 Bc8 44. h4 Rb7 45. Ra6+ Ke7 46. Kc3 Rc7+ 47. Rc6 Rxc6+ 48. Nxc6+ Kd6 49. Kb4 Bd7 50. Ne5 Be8 51. Nd3 d4 52. e4 Bd7 53. Kc4 Be8 54. Nc5 Kc7 55. Kxd4 Bxb5 56. Ke5 Kb6 57. Nb3 Kc7 58. Kf6 Kd6 59. Nd2 Be8 60. Nc4+ Kc5 61. Ne5 Kd4 62. Nxf7 Bd7 63. Nd6 Ke3 64. f5 1-0

[Event "Catalunya-chT Gp1"]
[Site "Barcelona"]
[Date "2022.02.12"]
[Round "4.9"]
[White "Travesset Ribera, Joaquin"]
[Black "Martin Gonzalez, Angel"]
[Result "1/2-1/2"]
[WhiteElo "2138"]
[BlackElo "2246"]
[PlyCount "36"]
[EventDate "2022.01.22"]
[EventType "team-tourn"]
[EventRounds "9"]
[EventCountry "ESP"]
[SourceTitle "CBM 208 Extra"]
[Source "ChessBase"]
[SourceDate "2022.07.31"]
[SourceVersion "1"]
[SourceVersionDate "2022.07.31"]
[SourceQuality "1"]
[WhiteTeam "Mollet"]
[BlackTeam "Barcelona Escacs CC"]
[WhiteTeamCountry "ESP"]
[BlackTeamCountry "ESP"]

1. d4 Nf6 2. Bf4 c5 3. e3 e6 4. c3 b6 5. Nf3 Be7 6. h3 0-0 7. Nbd2 d5 8. Bd3 Ba6 9. Bxa6 Nxa6 10. Qa4 Nb8 11. 0-0 Qd7 12. Qc2 Nc6 13. Ne5 Qb7 14. Nxc6 Qxc6 15. Nf3 cxd4 16. exd4 b5 17. Ne5 Qb7 18. a3 a5 1/2-1/2

[Event "Catalunya-chT Gp1"]
[Site "Barcelona"]
[Date "2020.02.29"]
[Round "7.9"]
[White "Travesset Ribera, Joaquin"]
[Black "Fernandez Aguado, Enrique"]
[Result "1/2-1/2"]
[WhiteElo "2133"]
[BlackElo "2269"]
[PlyCount "29"]
[EventDate "2020.01.18"]
[EventType "team-tourn"]
[EventRounds "7"]
[EventCountry "ESP"]
[SourceTitle "CBM 195 Extra"]
[Source "ChessBase"]
[SourceDate "2020.05.31"]
[SourceVersion "1"]
[SourceVersionDate "2020.05.31"]
[SourceQuality "1"]
[WhiteTeam "Mollet"]
[BlackTeam "Colon Sabadell"]
[WhiteTeamCountry "ESP"]
[BlackTeamCountry "ESP"]

1. d4 Nf6 2. Bg5 d5 3. Bxf6 exf6 4. e3 Bd6 5. g3 0-0 6. Bg2 c6 7. Nd2 Re8 8. Ne2 Nd7 9. 0-0 f5 10. c4 dxc4 11. Nxc4 Bf8 12. Qc2 Nf6 13. Rfd1 Nd5 14. Ne5 Be6 15. Nd3 1/2-1/2

[Event "Catalunya-chT Gp1"]
[Site "Barcelona"]
[Date "2017.01.28"]
[Round "2.8"]
[White "Travesset Ribera, Joaquin"]
[Black "Domenech Plana, Jaume"]
[Result "1-0"]
[WhiteElo "2165"]
[BlackElo "2074"]
[PlyCount "69"]
[EventDate "2017.01.21"]
[EventType "team-tourn"]
[EventRounds "7"]
[EventCountry "ESP"]
[SourceTitle "CBM 176 Extra"]
[Source "ChessBase"]
[SourceDate "2017.03.02"]
[SourceVersion "1"]
[SourceVersionDate "2017.03.02"]
[SourceQuality "1"]
[WhiteTeam "Sant Andreu"]
[BlackTeam "Gerunda"]
[WhiteTeamCountry "ESP"]
[BlackTeamCountry "ESP"]

1. d4 d5 2. Nf3 Nf6 3. c3 Nbd7 4. Bf4 e6 5. e3 Ne4 6. h3 h6 7. Nbd2 Bd6 8. Nxe4 dxe4 9. Bxd6 cxd6 10. Nd2 f5 11. Qh5+ Kf8 12. 0-0-0 Nf6 13. Qg6 a6 14. f3 Qe8 15. Qg3 d5 16. fxe4 Nxe4 17. Nxe4 dxe4 18. Bc4 Kg8 19. Qe5 Kh7 20. g4 b5 21. Bb3 Ra7 22. Rhg1 g6 23. Rd2 Rf8 24. Rdg2 Rg7 25. Kb1 Bd7 26. c4 Qb8 27. Qxb8 Rxb8 28. c5 Rc8 29. Rc1 g5 30. gxf5 exf5 31. Bd5 Rg6 32. Rgc2 Be6 33. Bxe6 Rxe6 34. d5 Re5 35. Rd1 1-0

[Event "Catalunya-chT Gp1"]
[Site "Barcelona"]
[Date "2017.01.21"]
[Round "1.9"]
[White "Travesset Ribera, Joaquin"]
[Black "Bals Hernandez, Jordi"]
[Result "1-0"]
[WhiteElo "2165"]
[BlackElo "2123"]
[PlyCount "47"]
[EventDate "2017.01.21"]
[EventType "team-tourn"]
[EventRounds "7"]
[EventCountry "ESP"]
[SourceTitle "CBM 176 Extra"]
[Source "ChessBase"]
[SourceDate "2017.03.02"]
[SourceVersion "1"]
[SourceVersionDate "2017.03.02"]
[SourceQuality "1"]
[WhiteTeam "Sant Andreu"]
[BlackTeam "Mollet"]
[WhiteTeamCountry "ESP"]
[BlackTeamCountry "ESP"]

1. d4 Nf6 2. Bg5 e6 3. Nd2 h6 4. Bh4 d5 5. e3 Be7 6. Bd3 0-0 7. f4 b6 8. Ngf3 c5 9. c3 Ba6 10. Bxa6 Nxa6 11. Ne5 Qc7 12. 0-0 b5 13. Qe2 Qb7 14. a3 c4 15. Bxf6 Bxf6 16. Ndf3 Rad8 17. g4 Nc7 18. g5 hxg5 19. fxg5 Be7 20. Qg2 g6 21. Qh3 Ne8 22. Qh6 Ng7 23. Nh4 Bd6 24. Ng4 1-0

[Event "Catalunya-chT Gp2"]
[Site "Barcelona"]
[Date "2016.03.05"]
[Round "7.1"]
[White "Travesset Ribera, Joaquin"]
[Black "Fernandez Diaz, Cristian"]
[Result "0-1"]
[WhiteElo "2228"]
[BlackElo "2261"]
[PlyCount "52"]
[EventDate "2016.01.23"]
[EventType "team-tourn"]
[EventRounds "7"]
[EventCountry "ESP"]
[SourceTitle "EXT 2017"]
[Source "ChessBase"]
[SourceDate "2016.10.25"]
[SourceVersion "1"]
[SourceVersionDate "2016.10.25"]
[SourceQuality "1"]
[WhiteTeam "Sant Andreu"]
[BlackTeam "Mollet"]
[WhiteTeamCountry "ESP"]
[BlackTeamCountry "ESP"]

1. d4 Nf6 2. Bg5 g6 3. Nc3 d5 4. Bxf6 exf6 5. e3 h5 6. h4 c6 7. Bd3 Bh6 8. Nge2 0-0 9. Qb1 Qe7 10. Nd1 Nd7 11. a3 f5 12. g3 Nf6 13. c4 dxc4 14. Bxc4 Ne4 15. Nf4 Bxf4 16. gxf4 c5 17. dxc5 Nxc5 18. Nc3 b5 19. Bd5 Bb7 20. Qc2 Rac8 21. Rd1 Rfd8 22. Rg1 Bxd5 23. Nxd5 Qxh4 24. Qxf5 Rc6 25. Rg5 Re8 26. b4 Ne4 0-1

[Event "Catalunya-chT Gp2"]
[Site "Barcelona"]
[Date "2016.02.13"]
[Round "4.1"]
[White "Coll Ortega, Jordi"]
[Black "Travesset Ribera, Joaquin"]
[Result "0-1"]
[WhiteElo "2237"]
[BlackElo "2228"]
[PlyCount "66"]
[EventDate "2016.01.23"]
[EventType "team-tourn"]
[EventRounds "7"]
[EventCountry "ESP"]
[SourceTitle "EXT 2017"]
[Source "ChessBase"]
[SourceDate "2016.10.25"]
[SourceVersion "1"]
[SourceVersionDate "2016.10.25"]
[SourceQuality "1"]
[WhiteTeam "Lleida"]
[BlackTeam "Sant Andreu"]
[WhiteTeamCountry "ESP"]
[BlackTeamCountry "ESP"]

1. e4 d5 2. exd5 Qxd5 3. Nc3 Qd8 4. d4 Nf6 5. Nf3 Bg4 6. h3 Bxf3 7. Qxf3 c6 8. Be3 e6 9. Bd3 Nbd7 10. 0-0 Bd6 11. Rfe1 Qc7 12. a3 a5 13. Bg5 h6 14. Bxf6 Nxf6 15. d5 Nxd5 16. Nxd5 cxd5 17. Bb5+ Ke7 18. Qxd5 Rhd8 19. Qe4 Rac8 20. c4 Bc5 21. Re2 Rd4 22. Qh7 Rcd8 23. Qxg7 Rd1+ 24. Re1 Rxe1+ 25. Rxe1 Qf4 26. Rf1 Rd2 27. Qh8 Rxf2 28. Qe8+ Kf6 29. Qh8+ Kg5 30. Qd8+ f6 31. Qg8+ Kh4 32. g3+ Kxh3 33. Qxe6+ f5 0-1

[Event "Catalunya-chT Gp2"]
[Site "Barcelona"]
[Date "2016.01.23"]
[Round "1.4"]
[White "Travesset Ribera, Joaquin"]
[Black "Lorenzo de la Riva, Lazaro"]
[Result "0-1"]
[WhiteElo "2228"]
[BlackElo "2386"]
[PlyCount "134"]
[EventDate "2016.01.23"]
[EventType "team-tourn"]
[EventRounds "7"]
[EventCountry "ESP"]
[SourceTitle "CBM 170 Extra"]
[Source "ChessBase"]
[SourceDate "2016.02.25"]
[SourceVersion "1"]
[SourceVersionDate "2016.02.25"]
[SourceQuality "1"]
[WhiteTeam "Sant Andreu"]
[BlackTeam "Colon Sabadell"]
[WhiteTeamCountry "ESP"]
[BlackTeamCountry "ESP"]

1. d4 Nf6 2. Bg5 Ne4 3. Bf4 d5 4. Nd2 Nxd2 5. Qxd2 c6 6. e3 Nd7 7. Bd3 Qb6 8. Rb1 Nf6 9. f3 c5 10. c3 cxd4 11. exd4 Bd7 12. Ne2 e6 13. 0-0 Be7 14. Kh1 0-0 15. Ng3 Bb5 16. Bg5 Bxd3 17. Qxd3 Rfe8 18. Bxf6 Bxf6 19. f4 g6 20. Rf2 Qc6 21. Nf1 b5 22. Ne3 Bg7 23. g4 a5 24. Nc2 b4 25. cxb4 axb4 26. Rbf1 Qc4 27. Qxc4 dxc4 28. Nxb4 Bxd4 29. Rc2 Bg7 30. Rxc4 Bxb2 31. Rf2 Bg7 32. Rd2 Ra4 33. Rdc2 Bf8 34. Nd3 Rea8 35. Rxa4 Rxa4 36. Kg2 Rd4 37. Rc3 Ra4 38. Rc2 Bd6 39. Rf2 Rd4 40. Rf3 Rc4 41. g5 Kg7 42. h4 h6 43. Kg3 Ra4 44. Nc1 hxg5 45. hxg5 e5 46. Kg4 exf4 47. Nd3 Rxa2 48. Nf2 Re2 49. Nh3 Rg2+ 50. Kh4 Rh2 51. Kg4 Re2 52. Nxf4 Re4 53. Rf1 Kf8 54. Rf2 Ke7 55. Rf1 Kd7 56. Rf2 Kc6 57. Rc2+ Kb5 58. Rb2+ Kc4 59. Rc2+ Kb3 60. Rf2 Kc3 61. Rf3+ Kc2 62. Rf2+ Kc1 63. Rf1+ Kd2 64. Rf2+ Ke1 65. Rf3 Rxf4+ 66. Rxf4 Bxf4 67. Kxf4 Kf2 0-1

[Event "Catalunya-chT Gp2"]
[Site "Barcelona"]
[Date "2015.02.14"]
[Round "4.1"]
[White "Travesset Ribera, Joaquin"]
[Black "Crespo Revilla, Josep Maria"]
[Result "1-0"]
[WhiteElo "2232"]
[BlackElo "2178"]
[PlyCount "37"]
[EventDate "2015.01.24"]
[EventType "team-tourn"]
[EventRounds "7"]
[EventCountry "ESP"]
[SourceTitle "CBM 164 Extra"]
[Source "ChessBase"]
[SourceDate "2015.03.02"]
[SourceVersion "1"]
[SourceVersionDate "2015.03.02"]
[SourceQuality "1"]
[WhiteTeam "Sant Andreu"]
[BlackTeam "Sitges"]
[WhiteTeamCountry "ESP"]
[BlackTeamCountry "ESP"]

1. d4 Nf6 2. Bg5 Ne4 3. Bf4 c5 4. f3 Qa5+ 5. c3 Nf6 6. Nd2 cxd4 7. Nb3 Qf5 8. Bxb8 Rxb8 9. Qxd4 b6 10. e4 Qe6 11. 0-0-0 d6 12. Qa4+ Bd7 13. Qxa7 Rc8 14. Ba6 Rd8 15. Qxb6 g6 16. Qd4 Bg7 17. Bc4 d5 18. Bxd5 Qa6 19. Nc5 1-0

[Event "Catalunya-chT Honor"]
[Site "Catalunya"]
[Date "2013.02.23"]
[Round "6.6"]
[White "Pardo Simon, David"]
[Black "Travesset Ribera, Joaquin"]
[Result "1-0"]
[WhiteElo "2418"]
[BlackElo "2233"]
[PlyCount "57"]
[EventDate "2013.01.19"]
[EventType "team-tourn"]
[EventRounds "11"]
[EventCountry "ESP"]
[SourceTitle "EXT 2014"]
[Source "ChessBase"]
[SourceDate "2013.11.20"]
[SourceVersion "1"]
[SourceVersionDate "2013.11.20"]
[SourceQuality "1"]
[WhiteTeam "Barcelona Uga"]
[BlackTeam "Sant Andreu"]
[WhiteTeamCountry "ESP"]
[BlackTeamCountry "ESP"]

1. e4 d5 2. exd5 Nf6 3. Be2 Nxd5 4. d4 g6 5. Nf3 Bg7 6. 0-0 0-0 7. Re1 Nc6 8. c3 Bg4 9. Na3 Qd7 10. h3 Bxf3 11. Bxf3 e6 12. Nc4 h6 13. a4 Rad8 14. Qb3 a5 15. Bd2 b6 16. Rad1 Kh7 17. Bc1 Rfe8 18. Ne5 Bxe5 19. dxe5 Qe7 20. Qc4 Nb8 21. Bxd5 exd5 22. Rxd5 Rxd5 23. Qxd5 Nd7 24. Qd2 Nxe5 25. Qxh6+ Kg8 26. Kh1 Qf8 27. Qxf8+ Kxf8 28. Bh6+ Kg8 29. f4 1-0

[Event "Catalunya-chT Honor"]
[Site "Catalunya"]
[Date "2013.01.19"]
[Round "1.4"]
[White "Travesset Ribera, Joaquin"]
[Black "Bergez, Luc"]
[Result "1/2-1/2"]
[WhiteElo "2233"]
[BlackElo "2393"]
[PlyCount "105"]
[EventDate "2013.01.19"]
[EventType "team-tourn"]
[EventRounds "11"]
[EventCountry "ESP"]
[SourceTitle "CBM 152 Extra"]
[Source "ChessBase"]
[SourceDate "2013.02.25"]
[SourceVersion "1"]
[SourceVersionDate "2013.02.25"]
[SourceQuality "1"]
[WhiteTeam "Sant Andreu"]
[BlackTeam "Barbera"]
[WhiteTeamCountry "ESP"]
[BlackTeamCountry "ESP"]

1. d4 Nf6 2. Bg5 e6 3. Nd2 h6 4. Bh4 c5 5. e3 Nc6 6. c3 d5 7. Ngf3 Be7 8. Ne5 Nxe5 9. dxe5 Nd7 10. Bxe7 Qxe7 11. f4 0-0 12. Bd3 f6 13. exf6 Rxf6 14. 0-0 e5 15. Qh5 c4 16. Bc2 Qc5 17. Qe8+ Qf8 18. Qxf8+ Rxf8 19. fxe5 Rxf1+ 20. Rxf1 Nxe5 21. e4 Be6 22. Re1 Nc6 23. exd5 Bxd5 24. Be4 Bxe4 25. Rxe4 b5 26. Re6 Rd8 27. Nxc4 bxc4 28. Rxc6 Rd1+ 29. Kf2 Rd2+ 30. Kf3 Rxb2 31. a4 Kf7 32. Rxc4 Kf6 33. h4 Ra2 34. g4 Ke5 35. Rc5+ Kf6 36. a5 Ra4 37. c4 Ke6 38. Ke4 Kd6 39. Kd4 Ra1 40. Rf5 Rd1+ 41. Kc3 Rc1+ 42. Kb4 Rb1+ 43. Ka4 a6 44. g5 hxg5 45. Rxg5 Rb7 46. h5 Kc6 47. Rd5 Rb1 48. Rg5 Rb7 49. Rd5 Rb1 50. Re5 Kd6 51. Rf5 Kc6 52. Rd5 Rb7 53. Rg5 1/2-1/2

[Event "Catalunya-chT"]
[Site "Barcelona"]
[Date "2011.04.09"]
[Round "11"]
[White "Travesset Ribera, Joaquin"]
[Black "Fluvia Poyatos, Jordi"]
[Result "1/2-1/2"]
[WhiteElo "2232"]
[BlackElo "2469"]
[PlyCount "52"]
[EventDate "2011.01.29"]
[EventType "team-tourn"]
[EventRounds "11"]
[EventCountry "ESP"]
[SourceTitle "EXT 2012"]
[Source "ChessBase"]
[SourceDate "2011.11.24"]
[SourceVersion "1"]
[SourceVersionDate "2011.11.24"]
[SourceQuality "1"]
[WhiteTeam "San Andreu"]
[BlackTeam "UGA"]
[WhiteTeamCountry "ESP"]
[BlackTeamCountry "ESP"]

1. d4 Nf6 2. Bg5 Ne4 3. Bf4 c5 4. f3 Qa5+ 5. c3 Nf6 6. Nd2 cxd4 7. Nb3 Qf5 8. Bxb8 Rxb8 9. Qxd4 b6 10. e4 Qf4 11. Nh3 Qc7 12. e5 Ng8 13. 0-0-0 e6 14. Nf2 Ne7 15. f4 Bb7 16. Ne4 Nf5 17. Qd3 Bd5 18. Be2 b5 19. Kb1 Qc4 20. Bf3 Qxd3+ 21. Rxd3 Bc4 22. Rd2 b4 23. Na5 bxc3 24. Nxc3 Bb4 25. Nxc4 Bxc3 26. Rd3 Bb4 1/2-1/2

[Event "Catalunya-chT"]
[Site "Barcelona"]
[Date "2011.02.26"]
[Round "5"]
[White "Gomez Jurado, Luis Alberto"]
[Black "Travesset Ribera, Joaquin"]
[Result "1/2-1/2"]
[WhiteElo "2347"]
[BlackElo "2232"]
[PlyCount "76"]
[EventDate "2011.01.29"]
[EventType "team-tourn"]
[EventRounds "11"]
[EventCountry "ESP"]
[SourceTitle "EXT 2012"]
[Source "ChessBase"]
[SourceDate "2011.11.24"]
[SourceVersion "1"]
[SourceVersionDate "2011.11.24"]
[SourceQuality "1"]
[WhiteTeam "Barbera"]
[BlackTeam "San Andreu"]
[WhiteTeamCountry "ESP"]
[BlackTeamCountry "ESP"]

1. c4 d6 2. g3 e5 3. Bg2 f5 4. d3 Nf6 5. Nc3 g6 6. e4 Bg7 7. Nge2 0-0 8. 0-0 Nc6 9. f4 fxe4 10. dxe4 Bg4 11. h3 Be6 12. Nd5 Qd7 13. g4 exf4 14. Nexf4 Bf7 15. Be3 Rae8 16. Qc2 a5 17. Rae1 Ne5 18. g5 Nxd5 19. exd5 b6 20. b3 Kh8 21. Kh1 Bg8 22. Bd4 Qf5 23. Qxf5 Rxf5 24. h4 Ref8 25. Ne6 Rxf1+ 26. Rxf1 Rxf1+ 27. Bxf1 Bxe6 28. dxe6 Kg8 29. Bh3 Kf8 30. Kg2 Ke7 31. Kg3 h6 32. Be3 hxg5 33. hxg5 Nc6 34. Bg2 Ne5 35. Bh3 Nd3 36. Kf3 Nc5 37. Bxc5 bxc5 38. Ke4 c6 1/2-1/2

[Event "Catalunya-chT"]
[Site "Barcelona"]
[Date "2011.02.12"]
[Round "3"]
[White "Travesset Ribera, Joaquin"]
[Black "Vidarte Morales, Arturo"]
[Result "1/2-1/2"]
[WhiteElo "2232"]
[BlackElo "2405"]
[PlyCount "143"]
[EventDate "2011.01.29"]
[EventType "team-tourn"]
[EventRounds "11"]
[EventCountry "ESP"]
[SourceTitle "EXT 2012"]
[Source "ChessBase"]
[SourceDate "2011.11.24"]
[SourceVersion "1"]
[SourceVersionDate "2011.11.24"]
[SourceQuality "1"]
[WhiteTeam "San Andreu"]
[BlackTeam "Montcada"]
[WhiteTeamCountry "ESP"]
[BlackTeamCountry "ESP"]

1. d4 Nf6 2. Bg5 Ne4 3. Bf4 c5 4. f3 Nf6 5. dxc5 Na6 6. Qd4 Qa5+ 7. Nc3 Nxc5 8. Bd2 Ne6 9. Qd3 d5 10. e4 dxe4 11. Nxe4 Qc7 12. Nxf6+ exf6 13. Qc3 Qxc3 14. Bxc3 Bc5 15. 0-0-0 Bd7 16. Ne2 0-0-0 17. Ng3 Bc6 18. Rxd8+ Rxd8 19. Bd2 g6 20. Bc4 f5 21. Re1 Bd5 22. Bxd5 Rxd5 23. Ne2 Bd6 24. h3 h5 25. Be3 Ra5 26. a3 f4 27. Bf2 Rg5 28. Rg1 Bc5 29. Bxc5 Rxc5 30. c3 Re5 31. Kd2 Kd7 32. Nd4 Nxd4 33. cxd4 Re3 34. h4 f6 35. Re1 Rb3 36. Kc2 Rb5 37. Kc3 g5 38. Rh1 Ke6 39. b4 gxh4 40. Rxh4 Rg5 41. Rxf4 Rxg2 42. a4 a6 43. b5 axb5 44. axb5 Rg5 45. Kc4 Rf5 46. Rh4 Kd6 47. f4 Kc7 48. Rh1 Kb6 49. Rh4 Rxb5 50. d5 Ra5 51. Kd4 Ra4+ 52. Ke3 Kc5 53. Rxh5 Ra6 54. Ke4 Ra4+ 55. Ke3 Rb4 56. Rh6 f5 57. d6 Re4+ 58. Kf3 Rd4 59. Rf6 Rd3+ 60. Ke2 Rxd6 61. Rxf5+ Kc4 62. Rf8 b5 63. Rb8 b4 64. Ke3 b3 65. Ke4 Kc3 66. f5 b2 67. Ke5 Rd1 68. f6 Re1+ 69. Kd6 Rf1 70. Ke7 b1Q 71. Rxb1 Rxb1 72. f7 1/2-1/2

[Event "Catalunya-chT"]
[Site "Barcelona"]
[Date "2011.02.05"]
[Round "2"]
[White "Travesset Ribera, Joaquin"]
[Black "Garzon Sanchez, Jose Manuel"]
[Result "1-0"]
[WhiteElo "2232"]
[BlackElo "2178"]
[PlyCount "166"]
[EventDate "2011.01.29"]
[EventType "team-tourn"]
[EventRounds "11"]
[EventCountry "ESP"]
[SourceTitle "EXT 2012"]
[Source "ChessBase"]
[SourceDate "2011.11.24"]
[SourceVersion "1"]
[SourceVersionDate "2011.11.24"]
[SourceQuality "1"]
[WhiteTeam "San Andreu"]
[BlackTeam "Ateneu Colon"]
[WhiteTeamCountry "ESP"]
[BlackTeamCountry "ESP"]

1. d4 Nf6 2. Bg5 Ne4 3. Bf4 c5 4. f3 Qa5+ 5. c3 Nf6 6. Nd2 cxd4 7. Nb3 Qa4 8. Qxd4 Qxd4 9. Nxd4 a6 10. e4 d6 11. Bg5 Nfd7 12. 0-0-0 b5 13. Bd3 Bb7 14. Nge2 Ne5 15. Rhe1 h6 16. Be3 Nbd7 17. Kb1 e6 18. Nc1 Be7 19. Ncb3 Rc8 20. Bc2 Nc4 21. Bc1 0-0 22. Nd2 Ncb6 23. f4 Rfd8 24. N2f3 Bf8 25. g4 Nc4 26. g5 hxg5 27. Nxg5 e5 28. Nf5 exf4 29. Bxf4 Nde5 30. Rg1 Ng6 31. Bc1 d5 32. exd5 Bxd5 33. h4 Nge5 34. h5 Bc5 35. Rg3 Bf2 36. Rh3 Bc5 37. Rg3 Bf2 38. Rh3 Bc5 39. h6 g6 40. h7+ Kh8 41. Nh6 f6 42. Ne4 Bxe4 43. Rxd8+ Rxd8 44. Bxe4 Rd7 45. Ng8 Rxh7 46. Rxh7+ Kxh7 47. Nxf6+ Kg7 48. Nd5 Nd6 49. Bg2 a5 50. Kc2 Nef7 51. b4 axb4 52. cxb4 Bd4 53. Bf1 g5 54. Nc7 Kf6 55. Nxb5 Nxb5 56. Bxb5 Nd6 57. Bc6 g4 58. Kd3 Bf2 59. Be3 Be1 60. Bc5 Ke5 61. a4 g3 62. a5 Nc8 63. a6 Bf2 64. Kc4 Nb6+ 65. Kd3 Nc8 66. Bg2 Bxc5 67. bxc5 Na7 68. Kc4 Ke6 69. Bf1 Kd7 70. Kd5 Kc7 71. Bg2 Nb5 72. Ke5 Na7 73. Kf4 Nc8 74. Kxg3 Na7 75. Bb7 Nb5 76. Kf4 Kb8 77. Ke5 Kc7 78. Kd5 Na7 79. Kc4 Kb8 80. Kb4 Kc7 81. Ka5 Nc6+ 82. Bxc6 Kxc6 83. Kb4 Kc7 1-0